Southville International School and Colleges
Your cart is empty.
  • Cart
  • Lists
    Public lists Eva Luna New books Lux_list list_1
    Your lists Log in to create your own lists
  • Log in to your account
  • Your cookies
  • Search history
Southville International School and Colleges
  • Advanced search
  • Recent comments
  • Most popular
  • Libraries

Log in to your account

Log in with GOOGLE


If you do not have an external account, but do have a local account, you can still log in:

  1. Home
  2. MARC view: Research methods :
Normal view MARC view ISBD view

Research methods : (Record no. 17918)

[ view plain ]
MARC details
000 -LEADER
fixed length control field 00558nam a22002177a 4500
003 - CONTROL NUMBER IDENTIFIER
control field OSt
005 - DATE AND TIME OF LATEST TRANSACTION
control field 20140310182951.0
008 - FIXED-LENGTH DATA ELEMENTS--GENERAL INFORMATION
fixed length control field 130206t xxu||||| |||| 00| 0 eng d
020 ## - INTERNATIONAL STANDARD BOOK NUMBER
International Standard Book Number 9712317870
050 ## - LIBRARY OF CONGRESS CALL NUMBER
Classification number LB 1047.3
Item number .Ad3 2002
100 ## - MAIN ENTRY--PERSONAL NAME
Personal name Adanza, Estela G.
245 ## - TITLE STATEMENT
Title Research methods :
Remainder of title principles and applications /
Statement of responsibility, etc Estela G. Adanza.
260 ## - PUBLICATION, DISTRIBUTION, ETC. (IMPRINT)
Place of publication, distribution, etc Manila :
Name of publisher, distributor, etc Rex Book Store,
Date of publication, distribution, etc 2002.
300 ## - PHYSICAL DESCRIPTION
Extent 200 p. :
Dimensions 23 cm.
521 ## - TARGET AUDIENCE NOTE
Target audience note
562 ## - COPY AND VERSION IDENTIFICATION NOTE
Number of copies 3
942 ## - ADDED ENTRY ELEMENTS (KOHA)
Source of classification or shelving scheme Library of Congress Classification
Koha item type Books
Call number prefix Local
Holdings
Withdrawn status Lost status Source of classification or shelving scheme Damaged status Home library Current library Shelving location Date acquired Source of acquisition Total Checkouts Full call number Barcode Date last seen Copy number Price effective from Koha item type
    Library of Congress Classification   Archives Archives   11/26/2013 Donation   LB 1047.3 .Ad3 2002 C6800 05/08/2018 2 11/26/2013 Books
    Library of Congress Classification   College Library College Library Filipiniana Section 11/26/2013 Donation   LB 1047.3 .Ad3 2002 C6799 05/08/2018 1 11/26/2013 Books
    Library of Congress Classification   College Library College Library Filipiniana Section 11/26/2013 Donation   LB 1047.3 .Ad3 2002 C11456 05/08/2018 3 11/26/2013 Books

Research methods :

APA

Adanza E. G., . (2002). Research methods. Manila: Rex Book Store.

Chicago

Adanza Estela G, . 2002. Research methods. Manila: Rex Book Store.

Harvard

Adanza E. G., . (2002). Research methods. Manila: Rex Book Store.

MLA

Adanza Estela G, . Research methods. Manila: Rex Book Store. 2002.

  • Place hold
  • Print
  • Cite
  • Add to your cart (remove)
  • Save record
    BIBTEX Dublin Core MARCXML MARC (non-Unicode/MARC-8) MARC (Unicode/UTF-8) MARC (Unicode/UTF-8, Standard) MODS (XML) RIS
  • More searches
    Search for this title in:
    Other Libraries (WorldCat) Other Databases (Google Scholar) Online Stores (Bookfinder.com) Open Library (openlibrary.org)

Exporting to Dublin Core...

SOUTHVILLE LIBRARY

Southville International School and Colleges Library

1281 Tropical Ave. Cor. Luxembourg St., BF Homes International, Las Pinas City

Tel. No. 8256374 / 252358 Loc. 117/146

Powered by Koha